000 00826nam a22002657a 4500
001 BR9502574
003 BR-BrBNA
005 20230928094440.0
007 ta
008 230509b bl.||||| |||| 00| 0 por d
040 _aBR-BrBNA
_bpor
_cBiblioteca Nacional de Agricultura
041 _a(Por)
072 _aE20; K10
090 _ E20 BR9502574
110 1 _aInstituto Brasileiro de Desenvolvimento Florestal, Rio de Janeiro, RJ (Brasil). Depto. de Economia Florestal
_95752
245 1 _aProposta para o plano de manejo da floresta nacional do Jamari
260 3 _aRio de Janeiro, RJ (Brasil):
_c1985.
300 _a102 p.
500 _a14 illus.; 35 tables
650 _aPlanejamento Florestal
650 _aAdministracao Florestal
650 _aAmazonia
909 _a202309
_bLucia
_c55
_dLucia Elande
942 _cBK
999 _c50785
_d50785